000 00290 a2200133 4500
001 151590
040 _cEscola São Tomás de Aquino
100 _aIACOCCA, Liliana
240 1 0 _aFrancisco
_lpor
245 1 0 _aFrancisco
440 1 _aModerna
697 _a*LITERATURA INFANTO
942 _cBK
999 _c151590
_d151590